000
00352 a2200169 4500
001
186686
020
_a
85-08-00629-2
040
_c
Magnum
100
_a
Belinky, Tatiana
240
1
0
_a
Medroso! medroso!
_l
por
245
1
0
_a
Medroso! medroso!
300
_a
24
362
0
_a
1999
440
1
_a
Ática
697
_a
LITERATURA INFANTO
942
_c
BK
999
_c
186686
_d
186686